| 000 | 00600nam a2200169Ia 4500 | ||
|---|---|---|---|
| 008 | 230917s9999||||xx |||||||||||||| ||und|| | ||
| 020 | _cRS495 | ||
| 040 |
_e246132 _aMAIN |
||
| 041 | _aEnglish | ||
| 082 | _a891.4317109 MB896:SK | ||
| 100 | _aसोबती, कृष्णा | ||
| 245 | 0 | _aमुक्तिबोधः एक वयक्तित्व सही की तलाश में | |
| 260 |
_aनई दिल्ली _bराजकमल प्रकाशन _c2017 |
||
| 300 | _a124 पृ. p. | ||
| 500 | _a3061 10/03/2018 HBD18/7368 19/03/2018 Main Budget | ||
| 942 | _cBK | ||
| 999 |
_c26321 _d26321 |
||